| 000 | 00477nam a22001697a 4500 | ||
|---|---|---|---|
| 999 |
_c11701 _d11701 |
||
| 008 | 201229b ||||| |||| 00| 0 eng d | ||
| 020 | _a9789350040638 | ||
| 082 |
_a670.285 _bTIC |
||
| 100 | _aTickoo, Sham | ||
| 245 | _aCATIA V5R20 for designers | ||
| 260 |
_aNew Delhi _bDreamtech Press _c2011 |
||
| 300 | _axvii, I-9p. | ||
| 650 | _aComputer-aided engineering | ||
| 650 | _aComputer-aided design | ||
| 650 | _aComputer-aided engineering--Computer programs | ||
| 942 | _cBK | ||